000 00567nam a2200217 a 4500
999 _c4946
_d4946
001 4946
003 BD-JhCC
005 20171205190329.0
008 171205s2009 xxu |||| ||a| 000 0 eng d
035 _a(BD-JhCC)4946
040 _aBD-JhCC
_dBD-JhCC
041 _aeng
082 _a591.5249
_bCHA 2009
100 _aChatterjee, K. D.
245 _aParasitology /
_cK. D. Chatterjee
260 _aNew Delhi
_aBangalore:
_bCBS Publishers & Distributors PVt Ltd,
_c2009.
300 _a298 p. :
_c23 cm.
650 _aParasitology
942 _2ddc
_cBK